header

The theory of functional grammar (Record no. 106908)

MARC details
000 -LEADER
fixed length control field 01403nam a2200361 a 4500
100 1# - MAIN ENTRY--AUTHOR NAME
Personal name Dik, S. C.
245 14 - TITLE STATEMENT
Title The theory of functional grammar
250 ## - EDITION STATEMENT
Edition statement 2nd, rev. ed.
260 ## - PUBLICATION, DISTRIBUTION, ETC. (IMPRINT)
Place of publication Berlin :
Name of publisher Mouton de Gruyter,
Year of publication 1997.
300 ## - PHYSICAL DESCRIPTION
Number of Pages xx, 477 p. :
Other physical details ill.
650 #0 - SUBJECT ADDED ENTRY--TOPICAL TERM
Topical Term Functionalism (Linguistics)
700 1# - ADDED ENTRY--PERSONAL NAME
Personal name Hengeveld, Kees.
856 40 - ELECTRONIC LOCATION AND ACCESS
Uniform Resource Identifier http://site.ebrary.com/lib/rucke/Doc?id=10585381

No items available.

© 2026 Rongo University
Contact us: librarian | system librarian | Rongo university